Costos directos standard para la decisión y control empresarios
保存先:
| 第一著者: | |
|---|---|
| フォーマット: | 図書 |
| 言語: | スペイン語 |
| 出版事項: |
Buenos Aires
El Ateneo
1969
|
| シリーズ: | Biblioteca de Ciencias Económicas
|
| 主題: | |
| タグ: |
タグ追加
タグなし, このレコードへの初めてのタグを付けませんか!
|
MARC
| LEADER | 00000nam a2200000 a 4500 | ||
|---|---|---|---|
| 001 | UCU6766 | ||
| 003 | CL-VaPUC | ||
| 008 | 960621e19690000AG |||||||||||||||||spa|d | ||
| 082 | 0 | 4 | |a 658.155 |b WRI |2 21 |
| 100 | 0 | |a Wright, Wilmer |e author |9 365146 | |
| 245 | 1 | 0 | |a Costos directos standard para la decisión y control empresarios |
| 300 | |a 201 p | ||
| 942 | |c BK | ||
| 945 | |d 19960621 00:00:00 |a paguirre | ||
| 260 | |a Buenos Aires |b El Ateneo |c 1969 | ||
| 650 | 0 | |a Costos |9 261063 | |
| 650 | 0 | |a Administración |9 259325 | |
| 650 | 0 | |a Administración de empresas |9 260833 | |
| 650 | 0 | |a Empresas |9 255569 | |
| 650 | 7 | |a MANO DE OBRA |2 CL-VaPUC |9 315053 | |
| 650 | 0 | |a Producción |9 263680 | |
| 650 | 7 | |a PRODUCTOS |2 CL-VaPUC |9 338640 | |
| 650 | 7 | |a GASTOS |2 CL-VaPUC |9 357995 | |
| 650 | 0 | |a Contabilidad de costos |9 260564 | |
| 583 | |a last modification |c 20160104 00:45:24 |k Rodrigo Vera | ||
| 490 | 0 | |a Biblioteca de Ciencias Económicas | |
| 999 | |c 249584 |d 249582 | ||
| 952 | |0 0 |1 0 |4 0 |6 658_155000000000000_WRI_1969 |7 0 |8 A |9 266898 |a BIBGIM |b BIBGIM |d 2019-11-19 |i 1408917 |o 658.155 WRI 1969 |p 1408917 |r 2025-01-15 |w 2019-11-19 |y BK |k COM | ||
| 952 | |0 0 |1 0 |4 0 |6 658_155000000000000_WRI_1969 |7 0 |8 A |9 266899 |a BIBENE |b BIBENE |d 2019-11-19 |i 1412159 |o 658.155 WRI 1969 |p 1412159 |r 2025-01-15 |w 2019-11-19 |y BK |k ICO | ||